The ultimate writing guide for students : (Record no. 8160)

MARC details
000 -LEADER
fixed length control field 00885nam a22002417a 4500
001 - CONTROL NUMBER
control field 8160
003 - CONTROL NUMBER IDENTIFIER
control field FISKH
005 - DATE AND TIME OF LATEST TRANSACTION
control field 20250829110611.0
008 - FIXED-LENGTH DATA ELEMENTS--GENERAL INFORMATION
fixed length control field 250829b cb ||||| |||| 00| 0 eng d
020 ## - INTERNATIONAL STANDARD BOOK NUMBER
International Standard Book Number 9780545403917
040 ## - CATALOGING SOURCE
Original cataloging agency FISKH
Language of cataloging eng
Transcribing agency FISKH
Modifying agency FISKH
050 ## - LIBRARY OF CONGRESS CALL NUMBER
Classification number PE1112 .F6127
082 ## - DEWEY DECIMAL CLASSIFICATION NUMBER
Classification number 428.2
100 ## - MAIN ENTRY--PERSONAL NAME
Personal name Fogarty, Mignon
245 ## - TITLE STATEMENT
Title The ultimate writing guide for students :
Remainder of title Grammar girl present /
Statement of responsibility, etc. Mignon Fogarty with illustrations by Erwin Haya
260 ## - PUBLICATION, DISTRIBUTION, ETC.
Place of publication, distribution, etc. New York :
Name of publisher, distributor, etc. Scholastic,
Date of publication, distribution, etc. 2011.
300 ## - PHYSICAL DESCRIPTION
Extent 293 pages :
Dimensions 23 cm
520 ## - SUMMARY, ETC.
Summary, etc. For beginners to advanced students, this warm and witty guide to writing includes a writing style chapter and a guide to writing everything from school papers to letters to e-mails.
650 ## - SUBJECT ADDED ENTRY--TOPICAL TERM
Topical term or geographic name entry element Grammar
Form subdivision Writing Manual
General subdivision Reports
700 ## - ADDED ENTRY--PERSONAL NAME
Personal name Haya, Erwin
Relator term illustrator
942 ## - ADDED ENTRY ELEMENTS (KOHA)
Source of classification or shelving scheme Dewey Decimal Classification
Koha item type Books
Suppress in OPAC No
Holdings
Withdrawn status Lost status Source of classification or shelving scheme Damaged status Not for loan Collection Home library Current library Shelving location Date acquired Total Checkouts Full call number Barcode Date last seen Date last checked out Copy number Price effective from Koha item type
    Dewey Decimal Classification     Non-Fiction Footprints International School Library Network Toul Kork Campus Footprints International School Library Network Toul Kork Campus Librarian's Shelf TK 08/29/2025 1 FOG 428.2 PE1112 .F6127 2025-4314 02/09/2026 11/18/2025 1 08/29/2025 Books